| 000 | 00495nam a22001817a 4500 | ||
|---|---|---|---|
| 001 | BD-DhSAU 1962 | ||
| 003 | BD-DhSAU | ||
| 005 | 20150522154230.0 | ||
| 008 | 150122b1965 - a|||| |||| 000 0 eng d | ||
| 040 | _aBD-DhSAU | ||
| 082 |
_222 _a338.1641 _bREP |
||
| 245 |
_aReport of the marketing chilies in Mysore state/ _cW |
||
| 260 |
_aMysore : _bThe Chief Marketing Officer. ; _c1965. |
||
| 300 |
_a47 p. : _bill. ; _c22 cm. |
||
| 590 | _aerfat | ||
| 650 | _aChilies marketing | ||
| 942 |
_2ddc _cBOOK |
||
| 999 |
_c7407 _d7407 |
||